[Event "Bryansk Zilberstein Memorial 6th"]
[Site "Bryansk"]
[Date "2024.06.08"]
[Round "7"]
[White "Deminov, Ilya"]
[Black "Gleizerov, Evgeny"]
[Result "1/2-1/2"]
[WhiteElo "2068"]
[BlackElo "2378"]
[PlyCount "78"]
[EventDate "2024.06.07"]
[EventType "swiss (rapid)"]
[EventRounds "11"]
[EventCountry "RUS"]
[SourceTitle "CBM 220 Extra"]
[Source "ChessBase"]
[SourceDate "2024.07.31"]
[SourceVersion "1"]
[SourceVersionDate "2024.07.31"]
[SourceQuality "1"]

1. d4 e6 2. Nf3 f5 3. Bf4 Nf6 4. e3 Be7 5. c4 b6 6. Nc3 Bb4 7. Qc2 Bb7 8. Be2 0-0 9. 0-0 Bxc3 10. Qxc3 Ne4 11. Qc2 d6 12. h3 Nd7 13. Nd2 e5 14. Bh2 Nxd2 15. Qxd2 Qe7 16. d5 a5 17. Qc2 Nc5 18. b3 f4 19. exf4 exf4 20. Rae1 Qg5 21. f3 Bc8 22. Kh1 Bf5 23. Qd2 Bg6 24. Bd1 a4 25. bxa4 Nd3 26. Re2 Ne5 27. Qc3 Qf6 28. Rd2 Be8 29. Bg1 Ng6 30. Bd4 Qf7 31. Re1 Nh4 32. Bc2 Bxa4 33. Rde2 Rfe8 34. Bb1 Bd7 35. Bf2 Nf5 36. Qd2 g5 37. Bxf5 Bxf5 38. Bd4 Rxe2 39. Rxe2 Re8 1/2-1/2